000 00408nam a2200181Ia 4500
001 3148
005 20260306144859.0
008 260306t2008||||xx |||||||||||||| ||spa||
041 _aESP
082 _a261.8
_bB76
100 _aBotey, Jaume
_eAUT
245 0 _aConstruir la esperanza
260 _c2008
300 _a32 páginas :
_c21 cm.
650 _aGEN
654 _aCHU
942 _cLIB
_dJUS
_fJUS
_2ddc
_n
999 _c3148
_d3148